000
00444nam a2200169Ia 4500
008
090123s9999 xx 000 0 und d
082
_b
6482
_a
891.463/देसाई
100
_a
देसाई रणजित
245
_a
बारी
250
_a
1
300
_a
200
600
_a
देसाई रणजित
630
_a
बारी
700
_a
देसाई रणजित
730
_a
बारी
942
_c
BOOK
999
_c
44547
_d
44547